000 00564nam a22002177a 4500
003 UA-OsUOA
001 63833
007 ta
008 20091021b un ||||| |||| 00| 0 ukr d
090 _a012
_bЛ34
942 _cBK
040 _aUA-OsUOA
_brus
_cUA-OsUOA
_dUA-OsUOA
245 _aЛев Владимирович Черепнин (1905 - 1977)
300 _a111 с.
955 _a2
041 _arus
080 _a012
260 _aМ.
_c1983
650 7 _a01 Бібліографія і бібліографії. Каталоги
_2UDC
999 _c349906
_d349906